000 00480nam a2200169Ia 4500
008 151021s9999 xx 000 0 und d
020 _a205386385
050 _aLB 1573.G656 2004
245 _a_Taching reading In the 21st Century(3rd ed) Michael F. Graves
260 _aNey York Peason 2004
300 _axvii,622p.;ill
500 _aInclude index
500 _aInclude index
650 _a_Reading
700 _a_Juel Connie
980 _a^d20120809 11:25:01^okorir
999 _c12277
_d12277